| 000 | 01494cam a2200409 a 4500 | ||
|---|---|---|---|
| 001 | 16472405 | ||
| 003 | OSt | ||
| 005 | 20140310182750.0 | ||
| 008 | 100923s2011 nyua 001 0 eng | ||
| 010 | _a 2010039819 | ||
| 020 | _a9780071761000 (pbk. : acidfree paper) | ||
| 020 | _a0071761004 (pbk. : acidfree paper) | ||
| 040 |
_aDLC _cDLC |
||
| 041 | 0 |
_aeng _afre |
|
| 042 | _apcc | ||
| 050 | 0 | 0 |
_aPC 2129 _b.C938 2011 |
| 082 | 0 | 0 |
_aM 448.2421 _bC63 2011 |
| 100 | 1 | _aCoffman Crocker, Mary E. | |
| 245 | 1 | 0 |
_aSchaum's easy outlines: French _cCrocker, Mary Coffman |
| 250 | _a2nd ed. | ||
| 260 |
_aNew York : _bMcGraw-Hill, _cc2011. |
||
| 300 |
_avi, 154 p. : _bsome ill. ; _c22 cm. |
||
| 490 | 0 | _aSchaum's easy outlines | |
| 500 | _aIncludes index. | ||
| 505 | 0 | _aNouns and articles -- Adjectives and adverbs -- Prepositions -- Numbers, dates, times -- Verbs -- Interrogatives words and constructions -- Negative words and constructions -- Pronouns -- Vocabulary. | |
| 521 | _aCollege | ||
| 526 | _c1210L-1700L | ||
| 541 | _j1 | ||
| 546 | _aText in English and French. | ||
| 562 | _e1 | ||
| 650 | 0 |
_aFrench language _vTextbooks for foreign speakers _xEnglish. |
|
| 650 | 0 |
_aFrench language _xGrammar. |
|
| 700 | 1 | _aPickens, Rupert T. | |
| 906 |
_a7 _bcbc _corignew _d1 _eecip _f20 _gy-gencatlg |
||
| 942 |
_2lcc _cBK _kM |
||
| 999 |
_c15734 _d15734 |
||